تز کر ہءشعر ا ۓ بيکا نير (Record no. 171980)

MARC details
000 -LEADER
fixed length control field 00658nam a22001937a 4500
005 - DATE AND TIME OF LATEST TRANSACTION
control field 20200124112602.0
010 ## - LCCN (DPL NO)
LC control number UR-10678
020 ## - INTERNATIONAL STANDARD BOOK NUMBER
Terms of availability 90.00
International Standard Book Number -
035 ## - SYSTEM CONTROL NUMBER
System control number U-9233
037 ## - SOURCE OF ACQUISITION
Source of stock number/acquisition DBAD/PUB
Stock number -
082 ## - DEWEY DECIMAL CLASSIFICATION NUMBER
Classification number 840.08
100 ## - MAIN ENTRY--PERSONAL NAME
Personal name مر تبہ:عزيز آ ز ا د
245 ## - TITLE STATEMENT
Title تز کر ہءشعر ا ۓ بيکا نير
Statement of responsibility, etc مر تبہ:عزيز آ ز ا د
246 ## - VARYING FORM OF TITLE
Remainder of title Tazkera Shora-e-Bikaner (Urdu)
Title proper/short title Edited by Azeez Azad
260 ## - PUBLICATION, DISTRIBUTION, ETC. (IMPRINT)
Place of publication, distribution, etc Rajisthan
Name of publisher, distributor, etc Rajisthan Urdu Academy
Date of publication, distribution, etc 2019 ء
270 ## - ADDRESS
Address J-3,Subhash Marg,"C"Scheme,
City Jaipur
Postal code 302001
Telephone number 0141382664
Fax number -
300 ## - PHYSICAL DESCRIPTION
Extent 144 ص
Dimensions 22 Cm(Hb)
942 ## - ADDED ENTRY ELEMENTS (KOHA)
Source of classification or shelving scheme Dewey Decimal Classification
Item type Urdu Bks
Classification part 840.08
Call number suffix ت ز ک
Holdings
Withdrawn status Lost status Not for loan Collection code Home library Current library Date acquired Source of acquisition Cost, normal purchase price Full call number Barcode Copy number Cost, replacement price Koha item type
      Non-fiction Central Library Central Library 24/01/2020 BPPD/Ven. 90.00 840.08 ت ز ک U-9233 1 90.00 Urdu Bks

© Delhi Public Library
Hit Counter
free hit counter